| Tag |
First Indicator |
Second Indicator |
Subfields |
| LEADER |
00000pam a2200000 a 4500 |
| 001 |
in00000083043 |
| 005 |
20151008055545.0 |
| 008 |
810317s1981 nyua 00100 eng |
| 010 |
|
|
|a 81065278
|
| 020 |
|
|
|a 067049187X
|
| 035 |
|
|
|a (OCoLC)07307710
|
| 035 |
|
|
|9 AAJ3778AM
|
| 039 |
0 |
|
|a 2
|b 3
|c 3
|d 3
|e 3
|
| 040 |
|
|
|a DLC
|c DLC
|d TXA
|d UtOrBLW
|
| 043 |
|
|
|a n-us---
|
| 049 |
|
|
|a TXAM
|c [951989]
|
| 050 |
0 |
0 |
|a PN1998.A2
|b N35 1981
|
| 082 |
0 |
|
|a 791.43/028/0922
|2 19
|
| 245 |
0 |
4 |
|a The National Society of Film Critics on the movie star /
|c edited by Elisabeth Weis.
|
| 264 |
|
1 |
|a New York :
|b Viking Press,
|c 1981.
|
| 300 |
|
|
|a xiii, 402 pages :
|b illustrations ;
|c 25 cm.
|
| 336 |
|
|
|a text
|b txt
|2 rdacontent
|
| 337 |
|
|
|a unmediated
|b n
|2 rdamedia
|
| 338 |
|
|
|a volume
|b nc
|2 rdacarrier
|
| 500 |
|
|
|a Includes index.
|
| 650 |
|
0 |
|a Motion picture actors and actresses
|z United States.
|
| 700 |
1 |
|
|a Weis, Elisabeth.
|
| 710 |
2 |
|
|a National Society of Film Critics.
|
| 999 |
|
|
|a MARS
|
| 999 |
f |
f |
|s 8475be32-e17e-3c43-b3d8-643502b06d6e
|i 727201c8-c8ae-3743-947c-eff7e82da4d2
|t 0
|
| 952 |
f |
f |
|p ric
|a Texas A&M University
|b Rellis Campus
|c Joint Library Facility
|d Remote Storage
|t 0
|e PN1998.A2 N35 1981
|h Library of Congress classification
|i unmediated -- volume
|m A14806178222
|
| 998 |
f |
f |
|a PN1998.A2 N35 1981
|t 0
|l Remote Storage
|